000 01552cam a22003615i 4500
999 _c27791
_d27762
001 2507314
003 EG-ScBUE
005 20191209120235.0
008 930511t19941994nyua f b 000 0 eng d
020 _a9780312090777
020 _a0312090773 (pbk.)
040 _aDLC
_beng
_erda
_cDLC
_dDLC
_dEG-ScBUE
082 0 4 _a808.8204
_bMOD
_222
245 0 0 _aModern and contemporary drama /
_c[edited by] Miriam Gilbert, University of Lows, Carl H. Klaus, University of Lows, Bradford S. Field, Jr, Wayne State University ; theatrical illustrations by A. G. Smith, University of Windsor.
264 1 _aNew York :
_bSt. Martinʼs Press,
_c[1994]
264 4 _cc1994
300 _aviii, 888 pages :
_billustrations ;
_c24 cm
336 _atext
_btxt
_2rdacontent
337 _aunmediated
_bn
_2rdamedia
338 _avolume
_bnc
_2rdacarrier
500 _aIncludes appendix.
520 _aThis anthology offers a collection of 28 outstanding modern and contemporary plays. Introductions to each period and dramatist along with photographs and reviews give students a sense of how the plays are staged and witnessed.
650 7 _aDrama
_y20th century.
_2BUEsh
650 7 _aTheater
_xReviews.
_2BUEsh
653 _bHHUUEENN
_cNovember2019
655 _vReading book
700 1 _aGilbert, Miriam,
_eeditor.
700 1 _aKlaus, Carl H.,
_eeditor.
700 1 _aField, Bradford S.,
_eeditor.
700 1 _aSmith, A. G.,
_eillustrator.
856 4 2 _3Publisher description
_uhttp://www.loc.gov/catdir/enhancements/fy0601/92062771-d.html
942 _2ddc
_cBB